000
00260nam a22001217a 4500
008
171027b xxu||||| |||| 00| 0 eng d
041
_a
eng
080
_2
10TH
_a
336
100
_a
56
101
_a
FIN
245
_a
PUBLIC FINANCE
_c
HYMAN,D,N
942
_2
udc
_c
BK
999
_c
36232
_d
36232